"Q" Synonyms - Statistics

General Stats
  • This quiz has been taken 98 times
  • The average score is 13 of 20
Answer Stats
Word Q Synonym % Correct
Fast Quick
94%
Royalty Queen
93%
Silent Quiet
92%
Terminate Quit
92%
Expedition Quest
88%
Inquiry Question / Query
87%
Very Quite
83%
Exam Quiz
83%
Feather Quill
73%
Blanket Quilt
73%
Shake Quake
71%
Nauseated Queasy
64%
Line Queue
54%
Wharf Quay
52%
Joke Quip
52%
Retell Quote
44%
Misgiving Qualm
39%
Suppress Quash
30%
Sort Of Quasi
20%
Upper Limit Quota
20%
No matching quizzes found
Score Distribution
Percent of People with Each Score
Percentile by Number Answered
Your Score History
You have not taken this quiz